<?xml version="1.0" encoding="UTF-8"?>
<collection xmlns="http://www.loc.gov/MARC21/slim">
 <record>
  <leader>04848nam a2200589Ii 4500</leader>
  <controlfield tag="001">000154405</controlfield>
  <controlfield tag="003">UtOrBLW</controlfield>
  <controlfield tag="005">20220505203343.0</controlfield>
  <controlfield tag="005">20210329115659.0</controlfield>
  <controlfield tag="006">m     o  d</controlfield>
  <controlfield tag="007">cr un|||||||||</controlfield>
  <controlfield tag="008">210401t20212021enk     ob    001 0 eng d</controlfield>
  <datafield tag="STA" ind1=" " ind2=" ">
   <subfield code="a">NEZPRACOVANÝ IMPORT</subfield>
  </datafield>
  <datafield tag="020" ind1=" " ind2=" ">
   <subfield code="a">9781839095009</subfield>
   <subfield code="q">(e-book)</subfield>
  </datafield>
  <datafield tag="043" ind1=" " ind2=" ">
   <subfield code="a">e</subfield>
  </datafield>
  <datafield tag="050" ind1=" " ind2=" ">
   <subfield code="a">RA410.55.E85</subfield>
   <subfield code="b">S87 2021</subfield>
  </datafield>
  <datafield tag="072" ind1=" " ind2=" ">
   <subfield code="a">BUS022000</subfield>
   <subfield code="2">bisacsh</subfield>
  </datafield>
  <datafield tag="072" ind1=" " ind2=" ">
   <subfield code="a">KCH</subfield>
   <subfield code="2">bicssc</subfield>
  </datafield>
  <datafield tag="080" ind1=" " ind2=" ">
   <subfield code="a">330.3</subfield>
  </datafield>
  <datafield tag="082" ind1=" " ind2=" ">
   <subfield code="a">338.473621094</subfield>
   <subfield code="2">23</subfield>
  </datafield>
  <datafield tag="245" ind1=" " ind2=" ">
   <subfield code="a">The sustainability of health care systems in Europe /</subfield>
   <subfield code="c">edited by Badi H. Baltagi (Syracuse University, USA), Francesco Moscone (Brunel University, UK).</subfield>
  </datafield>
  <datafield tag="264" ind1=" " ind2=" ">
   <subfield code="a">Bingley, U.K. :</subfield>
   <subfield code="b">Emerald Publishing Limited,</subfield>
   <subfield code="c">2021.</subfield>
  </datafield>
  <datafield tag="264" ind1=" " ind2=" ">
   <subfield code="c">©2021</subfield>
  </datafield>
  <datafield tag="300" ind1=" " ind2=" ">
   <subfield code="a">1 online resource (vii, 243 pages).</subfield>
  </datafield>
  <datafield tag="336" ind1=" " ind2=" ">
   <subfield code="a">text</subfield>
   <subfield code="b">txt</subfield>
   <subfield code="2">rdacontent</subfield>
  </datafield>
  <datafield tag="337" ind1=" " ind2=" ">
   <subfield code="a">computer</subfield>
   <subfield code="b">c</subfield>
   <subfield code="2">rdamedia</subfield>
  </datafield>
  <datafield tag="338" ind1=" " ind2=" ">
   <subfield code="a">online resource</subfield>
   <subfield code="b">cr</subfield>
   <subfield code="2">rdacarrier</subfield>
  </datafield>
  <datafield tag="490" ind1=" " ind2=" ">
   <subfield code="a">Contributions to economic analysis ;</subfield>
   <subfield code="v">295</subfield>
  </datafield>
  <datafield tag="500" ind1=" " ind2=" ">
   <subfield code="a">Includes index.</subfield>
  </datafield>
  <datafield tag="504" ind1=" " ind2=" ">
   <subfield code="a">Includes bibliographical references.</subfield>
  </datafield>
  <datafield tag="505" ind1=" " ind2=" ">
   <subfield code="a">Chapter 1. Positive externalities of EU actions on sustainability of health systems / Sophie Guthmuller, Paolo Paruolo, Stefano Verzillo OA CHAPTER -- Chapter 2. Disease prevalence across Europe: new evidence from SHARE / Elena Bassoli, Agar Brugiavini, Giacomo Pasini -- Chapter 3. Policies and new reforms to address the sustainability of the National Health Service and Adult Social Care in England / Stuart Redding, Richard Hobbs, Catia Nicodemo, Luigi Siciliani, Raphael Wittenberg -- Chapter 4. The sustainability of Ireland's health care system / John Cullinan, Sheelah Connolly, Richard Whyte -- Chapter 5. The economic sustainability of Norwegian healthcare system / Eline Aas, Tor Iversen, Oddvar Kaaboe -- Chapter 6. Suistanable health care and health care reforms in Denmark 2000-2020 / Søren Rud Kristensen, Kim Rose Olsen -- Chapter 7. Sustainability of the Polish health care system / Christoph Sowada, Iwona Kowalska-Bobko -- Chapter 8. The Czech health care system / Paola Bertoli, Lucie Bryndova, Jana Votapkova -- Chapter 9. The Austrian healthcare system: changes and challenges / Alexander Ahammer, Rene Wiesinger, Katrin Zocher -- Chapter 10. Sustainability in the French health system / Rosalind Bell-Aldeghi, Florence Jusot, Sandy Tubeuf -- Chapter 11. The Spanish healthcare system / López-Casasnovas, Pifarré-Arolas -- Chapter 12. The financial sustainability of the Portuguese health system / Eduardo Costa, Rita Santos, Pedro Pita Barros -- Chapter 13. Managing health shocks: an analysis of the Italian government approach with the Covid-19 / Nicolò Cavalli, Francesco Moscone, Catia Nicodemo.</subfield>
  </datafield>
  <datafield tag="520" ind1=" " ind2=" ">
   <subfield code="a">This volume contains an Open Access Chapter 'The Sustainability of Health Care Systems in Europe' provides a comprehensive understanding of the sustainability of health systems in Europe. Furthermore, it includes an introduction to how EU action in supporting health- care policies in the EU Member States, looking both at implemented actions and describing current priorities for the future. There has been a rapid evolution of the structure of society and the economy over the last few decades which has created new demands for healthcare services. This has placed pressure on policy makers to ensure the sustainability of the health care sector. Policy makers understand the efficiency of the healthcare delivery system needs to be improved, the shortage of health professionals must be tackled, and that there are growing health inequalities and inequity in access to healthcare. These challenges are exacerbated by recent economic shocks including the 2008 recession, the uncertainty related to Brexit, and the crisis induced by the COVID-19 pandemic, which have impacted the ability of European health systems to finance the health care sector. This book is a must read for researchers and students of health economics and health policy.</subfield>
  </datafield>
  <datafield tag="588" ind1=" " ind2=" ">
   <subfield code="a">Print version record.</subfield>
  </datafield>
  <datafield tag="650" ind1=" " ind2=" ">
   <subfield code="a">Medical economics</subfield>
   <subfield code="z">Europe.</subfield>
  </datafield>
  <datafield tag="650" ind1=" " ind2=" ">
   <subfield code="a">Health care reform</subfield>
   <subfield code="z">Europe.</subfield>
  </datafield>
  <datafield tag="650" ind1=" " ind2=" ">
   <subfield code="a">Medical policy</subfield>
   <subfield code="z">Europe.</subfield>
  </datafield>
  <datafield tag="650" ind1=" " ind2=" ">
   <subfield code="a">Medical care</subfield>
   <subfield code="z">Europe.</subfield>
  </datafield>
  <datafield tag="650" ind1=" " ind2=" ">
   <subfield code="a">Sustainable development</subfield>
   <subfield code="z">Europe.</subfield>
  </datafield>
  <datafield tag="650" ind1=" " ind2=" ">
   <subfield code="a">Business &amp; Economics</subfield>
   <subfield code="x">Economic Conditions.</subfield>
   <subfield code="2">bisacsh</subfield>
  </datafield>
  <datafield tag="650" ind1=" " ind2=" ">
   <subfield code="a">Econometrics.</subfield>
   <subfield code="2">bicssc</subfield>
  </datafield>
  <datafield tag="700" ind1=" " ind2=" ">
   <subfield code="a">Baltagi, Badi H.,</subfield>
   <subfield code="e">editor.</subfield>
  </datafield>
  <datafield tag="700" ind1=" " ind2=" ">
   <subfield code="a">Moscone, Francesco,</subfield>
   <subfield code="e">editor.</subfield>
  </datafield>
  <datafield tag="776" ind1=" " ind2=" ">
   <subfield code="i">Print version:</subfield>
   <subfield code="z">9781839094996</subfield>
  </datafield>
  <datafield tag="776" ind1=" " ind2=" ">
   <subfield code="i">PDF version:</subfield>
   <subfield code="z">9781839094989</subfield>
  </datafield>
  <datafield tag="830" ind1=" " ind2=" ">
   <subfield code="a">Contributions to economic analysis ;</subfield>
   <subfield code="v">295.</subfield>
  </datafield>
  <datafield tag="856" ind1="4" ind2="0">
   <subfield code="u">https://doi.org/10.1108/S0573-85552021295</subfield>
   <subfield code="y">Plný text</subfield>
  </datafield>
  <datafield tag="856" ind1="4" ind2="2">
   <subfield code="u">https://knihovna.vse.cz/zdroje/emerald-ebooks/</subfield>
   <subfield code="y">Informace o práci s e-knihami</subfield>
  </datafield>
  <datafield tag="BAS" ind1=" " ind2=" ">
   <subfield code="a">EMERALD</subfield>
  </datafield>
  <datafield tag="BAS" ind1=" " ind2=" ">
   <subfield code="a">EB</subfield>
  </datafield>
  <datafield tag="993" ind1=" " ind2=" ">
   <subfield code="x">NEPOSILAT</subfield>
   <subfield code="y">EB</subfield>
  </datafield>
 </record>
</collection>
